000 00557nam a2200193Ia 4500
005 20260120124644.0
008 008 260114s9999 xx 000 0 eng d
020 _a9780762305377
037 _aEBOOK
040 _aCRL
_beng
_cCRL
041 _aeng
_2eng
084 _qCRL
245 0 _aEmergent Issues in the Field of Drug Abuse
260 _bEmerald Publishing
_c1999
700 _aJudith A. Levy
_9908885
856 _uhttps://www.emerald.com/insight/publication/doi/10.1016/S1057-6290(1999)7
942 _cEBOOK
999 _c1500797
_d1500797